| 000 | 00780nam a2200229Ia 4500 | ||
|---|---|---|---|
| 003 | GCL | ||
| 008 | 140319s9999 xx 000 0 ara d | ||
| 040 |
_aGCL / _cGCL |
||
| 082 | 0 | 4 |
_aق _b301.35 _bم ق |
| 100 | 1 | _aمحمد عاطف غيث | |
| 245 | 1 | 0 |
_aالقرية المتغيرة القيطون - محافظة الدقهلية: دراسة فى علم الاجتماع القروى (هدية من الاديب عبدالفتاح الجمل) / _cمحمد عاطف غيث |
| 300 | _a383 ص | ||
| 490 | _a | ||
| 650 | 0 | 4 | _aمصر |
| 650 | 0 | 4 | _aالعادات والتقاليد |
| 650 | 0 | 4 | _aالقرى |
| 650 | 0 | 4 | _aالاجتماع الريفى |
| 650 | 0 | 4 | _aالحياة الريفية |
| 650 | 0 | 4 | _aالدقهلية |
| 650 | 0 | 4 | _aالقيطون |
| 942 |
_2ddc _cBK |
||
| 999 |
_c38720 _d38720 |
||